Más allá de mis fuerzas /

Furkejuvvon:
Bibliográfalaš dieđut
Váldodahkki: Arbelo, William (autor)
Materiálatiipa: Girji
Giella:espánnjágiella
Almmustuhtton: Miami, EUA : Universal, 1989, c1989
Ráidu:(Cuba y sus Jueces)
Fáttát:
Fáddágilkorat: Lasit fáddágilkoriid
Eai fáddágilkorat, Lasit vuosttaš fáddágilkora!

MARC

LEADER 00000nam^a2200000^a^4500
001 000154466
005 20250521000000.0
009 20260310100354.696
020 |a 0-89729-502-1 
037 |a Acervo ITESO - Biblioteca 
041 |a ESP 
082 |a 320. 97291064  |b ARB 
100 |a Arbelo, William  |e (autor) 
245 1 0 |a Más allá de mis fuerzas /  |c W. Arbelo. 
264 4 |a Miami, EUA :  |b Universal,  |c 1989, c1989 
300 |a 97 p. 
336 |a texto  |b txt  |2 rdacontenido 
337 |a sin mediación  |b n  |2 rdamedio 
338 |a volumen  |b nc  |2 rdasoporte 
440 1 |a (Cuba y sus Jueces) 
649 |a XX 
650 |a Cubanos en EUA 
650 |a Exilio -  |z Cuba 
650 |a Política -  |z Cuba -  |x Historia -  |y 1959-1990 
650 |a Política -  |z Cuba -  |x Historia -  |y 1959-2006 
650 |a Política -  |z Cuba -  |x Historia -  |y Siglo XX 
650 |a Cuba -  |x Condiciones Políticas 
910 |a Fondo General 
920 |a Impresos - Libros 
930 |a Colección General 
905 |a 101 
901 |a 0500085912  |b IT1  |c ACC  |u 20250521 
902 |a https://opac.biblio.iteso.mx/vufind/Record/000154466